Logo BPK

Biblioteka

Politechniki Koszalińskiej

Eksploatatorzy dla Eksploatatorów : (Rekord nr 35191)

Szczegóły MARC
000 -ETYKIETA REKORDU
podpole kontrolne o stałej długości 01328nam a2200265 i 4500
001 - NUMER KONTROLNY REKORDU
pole kontrolne bg
040 ## - ŹRÓDŁO KATALOGOWANIA
Instytucja, która utworzyła rekord BPK
041 0# - KOD JĘZYKA
Kod języka tekstu pol
080 ## - UNIWERSALNA KLASYFIKACJA DZIESIĘTNA - UKD
UKD 628.32(061)
008 - POLE O STAŁEJ DŁUGOŚCI - DANE KONTROLNE
podpole kontrolne o stałej długości s pl f |000 0 pol
111 2# - NAZWA IMPREZY
Nazwa imprezy Ogólnopolskie Forum Wymiany Doświadczeń w Dziedzinie Eksploatacji Oczyszczalni Ścieków
Oznaczenie części/sekcji/imprezy (4 ;
Data imprezy 2005 ;
Miejsce imprezy Giżycko).
245 00 - TYTUŁ/ODPOWIEDZIALNOŚĆ
Tytuł Eksploatatorzy dla Eksploatatorów :
Ciąg dalszy tytułu 20-22 kwietnia 2005 r. Giżycko /
Pozostałe elementy strefy tytułu i oznaczenia odpowiedzialności [red. Helena Darul, Maciej Bieniowski ; org. Stowarzyszenie Eksploatatorów Obiektów Gospodarki Wodno-Ściekowej].
246 1# - WARIANT TYTUŁU
Tytuł Ogólnopolskie Forum Wymiany Doświadczeń w Dziedzinie Eksploatacji Oczyszczalni Ścieków
260 ## - STREFA ADRESU WYDAWNICZEGO
Miejsce wydania Giżycko :
Nazwa wydawcy/dystrybutora Stowarzyszenie Eksploatatorów Obiektów Gospodarki Wodno-Ściekowej,
Data publikacji, dystrybucji/powstania dokumentu 2005.
300 ## - STREFA OPISU FIZYCZNEGO
Objętość wiele liczb. :
Inne cechy fizyczne rys., wykr. ;
Rozmiary 32 cm.
500 ## - UWAGI OGÓLNE
Tekst uwagi Skoroszyt.
504 ## - UWAGA DOTYCZĄCA BIBLIOGRAFII
Informacje o bibliografii Bibliogr. przy ref.
650 #9 - HASŁO PRZEDMIOTOWE W FORMIE NAZWY OGÓLNEJ LUB JEDNOSTKOWEJ
Nazwa ogólna lub geograficzna Oczyszczalnia ścieków
Określnik ogólny eksploatacja
655 ## - TERMIN INDEKSOWY - OKREŚLENIE RODZAJU/FORMY DOKUMENTU
Określenie rodzaju/formy dokumentu Materiały konferencyjne
700 1# - HASŁO DODATKOWE - NAZWA OSOBOWA
Nazwa osobowa Darul, Helena.
Określenie związku między hasłem a opisywanym materiałem Red.
700 1# - HASŁO DODATKOWE - NAZWA OSOBOWA
Nazwa osobowa Bieniowski, Maciej.
Określenie związku między hasłem a opisywanym materiałem Red.
710 0# - HASŁO DODATKOWE - NAZWA CIAŁA ZBIOROWEGO
Nazwa ciała zbiorowego lub jednostki geograficznej Stowarzyszenie Ekspolatatorów Obiektów Gospodarki Wodno-Ściekowej
856 ## - LOKALIZACJA I DOSTĘP DO ELEKTRONICZNYCH DOKUMENTÓW ZDALNYCH
Link (URL) http://koha.tu.koszalin.pl/cgi-bin/koha/opac-detail.pl?biblionumber=35191
Tekst linku Katalog online BPK
942 ## - DODATKOWE ELEMENTY (KOHA)
Typ dokumentu Katalog
Egzemplarze
Wycofany Status egzemplarza Uszkodzony Dostępność Lokalizacja stała Lokalizacja bieżąca Miejsce przechowywania Sygnatura Kod kreskowy Typ dokumentu
      Dostępny Biblioteka Politechniki Koszalińskiej Biblioteka Politechniki Koszalińskiej Wypożyczalnia BG KC 3482 02338644 Katalog
© 2023 Biblioteka Politechniki Koszalińskiej :: KOHA